| 000 | 00781nam a2200193 a 4500 | ||
|---|---|---|---|
| 008 | 140128s2013 ||||||||||||||||| || u | ||
| 050 | _aTHESIS/KAB | ||
| 100 | _aKabuka, Bruce | ||
| 245 | 1 | 0 |
_aStudy of the defect liability period under the design-bid-build contracts for public works in Zambia _cby Bruce Kabuka |
| 260 |
_aKitwe: _bCopperbelt University _c2013 |
||
| 300 | _axiii, 129p.: ill. | ||
| 362 | 1 | _a<p>Msc Project Management</p> | |
| 500 | _aBibliography | ||
| 650 | _aDESIGN-BID-BUILD PROCUREMENT SYSTEM | ||
| 650 | _aCONSTRUCTION INDUSTRY--ZAMBIA | ||
| 650 | 0 | _aCONSTRUCTION CONTRACTS | |
| 650 | _aDEFECT LIABILITY PERIOD | ||
| 995 |
_FCBU-MAIN LIBRARY (Kitwe) _M1 _UAVAILABLE _WJan 28, 2014 _ZUniversity Collection |
||
| 999 |
_c58885 _d58885 |
||